[Event "St Petersburg-ch"]
[Site "St Petersburg"]
[Date "2001.04.19"]
[Round "9"]
[White "Sivokho, Sergey V"]
[Black "Alekseev, Evgeny V"]
[Result "1/2-1/2"]
[WhiteElo "2476"]
[BlackElo "2510"]
[Annotator "Hecht,H"]
[PlyCount "120"]
[EventDate "2001.04.10"]
[EventType "tourn"]
[EventRounds "11"]
[EventCountry "RUS"]
[EventCategory "9"]
[SourceTitle "CBM 083"]
[Source "ChessBase"]
[SourceDate "2001.07.05"]
[SourceVersion "1"]
[SourceVersionDate "2001.07.05"]
[SourceQuality "1"]

1. e4 c5 2. Nf3 d6 3. Bc4 Nf6 4. e5 dxe5 5. Nxe5 e6 6. Qe2 Be7 7. b3 O-O 8. Bb2
Qc7 9. O-O Nc6 10. f4 Nd4 11. Bxd4 cxd4 12. a4 b6 13. Kh1 Bb7 14. Na3 a6 15.
Bd3 g6 16. Nac4 Rad8 17. Ng4 Nd5 18. Qe5 Qxe5 19. fxe5 Rc8 20. Nf6+ Bxf6 21.
exf6 Rc7 22. h4 h6 23. Rae1 Rd8 24. Kh2 a5 25. Re5 Ba6 26. Rf3 Rc6 27. Re4 Nb4
28. Rff4 Bxc4 29. bxc4 Rcd6 30. Re5 Na6 31. Rf1 Rc8 32. g4 Rc5 33. Re2 g5 34.
Kg3 gxh4+ 35. Kf4 Nb8 36. Re5 Nd7 37. Rxc5 Nxc5 {[#] Weiß gewinnt am Königs-
Schwarz am Damenflügel. Die Hauptarbeit verrichten Freibauern, während sich
die Leichtfiguren kaum von ihren Plätzen rühren.} 38. Ke5 Rd8 39. Rh1 Nxa4 40.
Rxh4 Nc5 41. Rxh6 a4 42. Bh7+ Kf8 43. Be4 Kg8 44. Bh7+ Kf8 45. g5 a3 46. Rh1
Ke8 47. Bd3 b5 48. g6 a2 (48... Nd7+ 49. Kxd4 Nxf6+ 50. Kc3 bxc4 51. Rh8+ Ke7
52. Rxd8 Kxd8 53. gxf7 Ke7 54. Bxc4 Ne4+ 55. Kb4 Ng5 56. Kxa3 Nxf7 $16) 49.
Rh8+ Kd7 50. g7 Rxh8 51. gxh8=Q a1=Q 52. Qg7 Qe1+ 53. Kxd4 Qf2+ 54. Kc3 b4+ $1
55. Kxb4 Nxd3+ (55... Kc6 $11) 56. cxd3 Qxd2+ $11 57. Kc5 Qa5+ 58. Kd4 Qa1+ 59.
Ke3 Qe1+ 60. Kf3 Qf1+ 1/2-1/2

[Event "BCF-ch 89th"]
[Site "Torquay"]
[Date "2002.08.03"]
[Round "6"]
[White "Pert, Richard G"]
[Black "Sandipan, Chanda"]
[Result "1/2-1/2"]
[WhiteElo "2357"]
[BlackElo "2507"]
[Annotator "Hecht,H"]
[PlyCount "136"]
[EventDate "2002.07.29"]
[EventType "swiss"]
[EventRounds "11"]
[EventCountry "ENG"]
[SourceTitle "CBM 091"]
[Source "ChessBase"]
[SourceDate "2002.11.12"]
[SourceVersion "1"]
[SourceVersionDate "2002.11.12"]
[SourceQuality "1"]

1. e4 c5 2. Nf3 e6 3. b3 d6 4. Bb5+ Nd7 5. O-O Ngf6 6. Re1 Be7 7. Bb2 e5 8. c3
O-O 9. d4 Qc7 10. Bd3 Rd8 11. Qe2 Nf8 12. dxe5 dxe5 13. c4 Bg4 14. Qe3 Ng6 15.
Nc3 Bxf3 16. Qxf3 Nf4 17. Nd5 N6xd5 18. exd5 Nxd3 19. Qxd3 Bd6 20. Re3 Rf8 21.
Rae1 f6 22. Qf5 Qc8 23. Qh5 Qd7 24. Rh3 g6 25. Qh4 Rae8 26. Rhe3 a6 27. h3 g5
28. Qg4 Qxg4 29. hxg4 b5 30. Re4 Rb8 31. Bc1 Kg7 32. f3 Rh8 33. Be3 b4 34. Ra1
a5 35. a3 Ra8 36. Bf2 Rhb8 37. axb4 axb4 38. Ree1 Ra3 39. Rab1 Ra2 40. Kf1 Rba8
41. Re2 Rxe2 42. Kxe2 Ra2+ 43. Ke3 Kg6 44. g3 h5 45. gxh5+ Kxh5 46. g4+ Kg6 47.
Be1 f5 48. gxf5+ Kxf5 49. Bd2 Bf8 50. Kd3 Be7 51. Be3 Rg2 52. Ra1 Rb2 53. Ra7
Rxb3+ 54. Ke2 Bf6 55. Bxc5 Rb1 56. Rf7 Kg6 57. Rb7 b3 58. Ba3 e4 59. fxe4 b2
60. Rb6 Rh1 61. Rxf6+ Kxf6 62. Bxb2+ Kf7 63. Kf3 {[#] Der einzige
Gewinnversuch bestand in Ld4, was nicht sofort einen Bauern kostet.} (63. Bd4
g4 64. c5 Rh2+ 65. Kd3 (65. Ke3 Rh3+ 66. Kf4 Rd3 67. Be3 g3 68. c6 g2 69. c7
Rc3 $11) 65... Rh3+ 66. Kc4 g3 67. c6 Rh1 (67... Ke7 68. Bc5+ Kd8 69. d6 $18)
68. d6 g2 69. d7 Rc1+ 70. Kb5 Ke7 71. Bf6+ Kf7 72. d8=Q g1=Q 73. Qe7+ Kg8 74.
Qe8+ Kh7 75. Qh8+ Kg6 76. Qg7+ Kh5 77. Qxg1 Rxg1 78. c7 Rc1 79. Kb6 Kg6 (79...
Kg4 80. Bd4 $18) (79... Rb1+ 80. Kc6 Rc1+ 81. Kd7 Rd1+ 82. Ke6 Rc1 83. Be5 $18
{[%cal Re5d6,Re4e5,Re6d7]}) 80. Bd4 $18) 63... Rb1 64. Bd4 Rb4 65. Be3 Rxc4 66.
Bxg5 Ke8 67. Kf4 Kd7 68. Kf5 Rd4 1/2-1/2

[Event "Santiago m"]
[Site "Santiago de Chile"]
[Date "1997.??.??"]
[Round "3"]
[White "Adams, Michael"]
[Black "Morovic Fernandez, Ivan"]
[Result "1/2-1/2"]
[WhiteElo "2660"]
[BlackElo "2580"]
[Annotator "Horvath,Ta"]
[PlyCount "59"]
[EventDate "1997.01.16"]
[EventType "match"]
[EventRounds "6"]
[EventCountry "CHI"]
[SourceTitle "CBM 057"]
[Source "ChessBase"]
[SourceDate "1997.04.01"]
[SourceVersion "1"]
[SourceVersionDate "1997.04.01"]
[SourceQuality "1"]

1. e4 c5 2. Nc3 d6 3. Nf3 a6 4. g3 Nc6 5. Bg2 Bg4 6. h3 Bxf3 7. Bxf3 g6 8. Bg2
Bg7 9. d3 e6 (9... Nf6 10. O-O O-O 11. Be3 Nd7 {Ist die Alternative.}) 10. O-O
Nge7 11. Be3 {In der bekannte Hort-Fischer/Palma de Mallorca/1970 Partie Weiß
hat mit "a4" den schwarzen Vorstoß verhindert, später hat aber Schwierigkeiten
mit den Bauern am Damenflüegel.} b5 12. a3 Rb8 13. f4 f5 14. exf5 exf5 15. Rb1
O-O 16. Nd5 Kh8 (16... Bd4 17. Bxd4 Nxd4 18. Nxe7+ Qxe7 19. Re1 Qd7 20. c3 Nc6
21. Bd5+ Kg7 22. Qf3 $14) 17. Nxe7 Nxe7 18. Re1 a5 19. Bf2 b4 20. axb4 axb4 21.
d4 Qc7 22. Re6 Rf6 23. Re2 Rff8 24. Qe1 Nc6 $1 25. dxc5 dxc5 26. Bxc5 Nd4 27.
Bxd4 Bxd4+ 28. Kh1 Qg7 29. Re7 Rf7 30. Rxf7 1/2-1/2

[Event "Tilburg Fontys"]
[Site "Tilburg"]
[Date "1996.10.13"]
[Round "3"]
[White "Leko, Peter"]
[Black "Gelfand, Boris"]
[Result "1/2-1/2"]
[WhiteElo "2630"]
[BlackElo "2665"]
[Annotator "Horvath,Ta"]
[PlyCount "55"]
[EventDate "1996.10.11"]
[EventType "tourn"]
[EventRounds "11"]
[EventCountry "NED"]
[EventCategory "16"]
[SourceTitle "CBM 056"]
[Source "ChessBase"]
[SourceDate "1997.02.01"]
[SourceVersion "1"]
[SourceVersionDate "1997.02.01"]
[SourceQuality "1"]

1. e4 c5 2. Nf3 d6 3. Bc4 {Der junge ungarische Großmeister spielt oft diese
Variante. Ich glaube aber, daß sie keine Widerlegung der Sizilianischen
Verteidgung darstellt.} Nf6 (3... e6 4. Qe2 Be7 5. O-O Nf6 6. c3 O-O 7. Bb3 b6
8. Re1 Bb7 9. d3 $13 {Leko-Moiseev/CBM/28}) 4. d3 (4. Qe2 Nc6 5. h3 e6 6. Bb3
Be7 7. c3 b6 8. O-O O-O 9. Rd1 (9. d4 Bb7 10. Nbd2 cxd4 11. cxd4 Rc8 12. a3 Rc7
$1 13. Re1 Qa8 $1 $15 {Leko-Adorjan/Hungary/1992}) 9... a5 $5 $13 {Leko-Romero
Holmes/Leon/1994/CBM/42}) 4... Nc6 5. c3 e6 6. Bb3 Be7 7. O-O O-O 8. Re1 d5 9.
e5 Nd7 10. d4 {Die Stellung ist ähnlich wie die Französische Tarrasch Variante.
Schwarz muß sein Glück am Damenflügel suchen, weil f6 nicht möglich ist.} b5
11. Nbd2 (11. dxc5 $5 Nxc5 12. Bc2 f6 13. exf6 Bxf6 14. Be3 $14 (14. Nd4 Nxd4
15. cxd4 Ne4 $1 $13)) 11... b4 12. Nf1 bxc3 13. bxc3 Ba6 14. Bc2 (14. Ne3 cxd4
15. cxd4 Na5 16. Bc2 Nc4 17. Ng4 $40) 14... Rc8 15. a3 Re8 16. Ne3 cxd4 17.
cxd4 Bb5 18. g3 Qa5 19. h4 Nf8 20. Rb1 Rb8 21. Kg2 Rec8 22. h5 Ba6 23. Ng4 Rxb1
24. Bxb1 Rb8 25. Bc2 Qc3 26. Re3 (26. h6 $1 g6 (26... Ng6 27. hxg7 $16) 27. Bg5
$1 Nxd4 $2 (27... Bxg5 28. Nxg5 Nd7 29. Re3 $1 Qxd4 30. Qf3 f5 $8 (30... Rf8
31. Nf6+) (30... Nd8 31. Nf6+ $18) 31. exf6) (27... Rb2 28. Bxe7 Qxc2 (28...
Nxe7 29. Nf6+ Kh8 30. Ng5) 29. Nf6+ Kh8 30. Bxf8 Qxf2+ 31. Kh3 Qg2+ 32. Kh4 $18
) 28. Bxe7 Nxc2 29. Nf6+ Kh8 30. Ng5 $18) 26... Qa1 27. Qd2 Bc4 28. Re1 1/2-1/2

[Event "Interzonal-14c"]
[Site "Zagreb"]
[Date "1987.??.??"]
[Round "4"]
[White "Torre, Eugenio"]
[Black "Ehlvest, Jaan"]
[Result "1-0"]
[WhiteElo "2540"]
[BlackElo "2540"]
[Annotator "Horvath,Ta"]
[PlyCount "81"]
[EventDate "1987.08.01"]
[EventType "tourn"]
[EventRounds "17"]
[EventCountry "YUG"]
[EventCategory "12"]
[SourceTitle "CBM 004"]
[Source "ChessBase"]
[SourceDate "1988.06.01"]
[SourceVersion "1"]
[SourceVersionDate "1988.06.01"]
[SourceQuality "1"]

1. e4 c5 2. Nf3 d6 3. c3 Nf6 4. Be2 Nc6 5. d4 e6 $6 (5... cxd4 $5 6. cxd4 Nxe4
7. d5 $1 Qa5+ $1 8. Nc3 Nxc3 9. bxc3 Ne5 $1 10. Nxe5 Qxc3+ 11. Bd2 Qxe5 12. O-O
$44) 6. Nbd2 cxd4 7. cxd4 Be7 8. O-O O-O 9. Re1 e5 10. d5 $14 Nb8 11. Bf1 Ne8
12. Nc4 Nd7 13. Bd2 (13. g3) 13... g6 14. g3 f5 (14... Ng7) 15. exf5 gxf5 16.
Bh3 Ng7 $6 (16... Nc5 $142 $5 {/\ Ne4}) 17. Bb4 Rf6 (17... Nf6 $6 18. Nfxe5
dxe5 19. d6) 18. Rc1 (18. Qb3 $142) 18... Rh6 19. Bg2 Rg6 $6 (19... Kh8 $142)
20. Qb3 {/\ Nce5} Kh8 21. Qa3 $16 {>< d6} e4 22. Nfe5 $5 Nxe5 23. Nxe5 Rf6 24.
Nc4 b6 25. Ne5 $16 {>< c6} Bf8 26. Nc6 Qd7 27. Bc3 Rf7 (27... Rg6 $2 28. Ne5
$18) 28. f3 exf3 29. Bxf3 {/\ Bh5} Kg8 30. Qa4 f4 31. Qd4 $5 (31. g4 $5 Ne8 (
31... h5 32. h3) 32. Re6 {/\ Rce1->}) 31... fxg3 32. Bh5 Rf2 (32... gxh2+ 33.
Kh1 $18) 33. Ne7+ $1 (33. Re6 $5 Rxh2 34. Ne7+ Kh8 35. Rf1 Rf2 36. Rxf2 gxf2+
37. Qxf2 Ba6 38. Qf7 $18) 33... Kh8 34. Re6 $18 Bb7 (34... Rxh2 35. Rf1 $18)
35. hxg3 Rg2+ 36. Kxg2 Qxe6 37. Nc6 Qh6 38. Rf1 Kg8 (38... Qxh5 39. Rxf8+ $18)
39. Bf7+ Kh8 40. Rh1 (40. Bd2 $18) 40... Qg5 41. Rh5 (41. Rh5 Qc1 42. Rxh7+
Kxh7 43. Qe4+ Kh8 44. Qh4+ $18) 1-0

[Event "Interzonal-14c"]
[Site "Zagreb"]
[Date "1987.??.??"]
[Round "6"]
[White "Torre, Eugenio"]
[Black "Pinter, Jozsef"]
[Result "1/2-1/2"]
[WhiteElo "2540"]
[BlackElo "2575"]
[Annotator "Horvath,Ta"]
[PlyCount "81"]
[EventDate "1987.08.01"]
[EventType "tourn"]
[EventRounds "17"]
[EventCountry "YUG"]
[EventCategory "12"]
[SourceTitle "CBM 004"]
[Source "ChessBase"]
[SourceDate "1988.06.01"]
[SourceVersion "1"]
[SourceVersionDate "1988.06.01"]
[SourceQuality "1"]

1. e4 c5 2. Nf3 d6 3. c3 Nf6 4. Be2 Nbd7 5. d3 b6 (5... c4 6. d4 Nxe4 7. Bxc4)
(5... e5 $5) 6. O-O Bb7 7. Nbd2 e6 8. Re1 Be7 9. Bf1 {/\ d4} Ne5 10. d4 Nxf3+
11. Qxf3 O-O 12. Bd3 (12. Qg3 Nh5 13. Qg4 (13. Qh3 Nf4 14. Qg4 Ng6 $10) 13...
Nf6 $10) 12... Rc8 13. Nf1 cxd4 14. cxd4 Qd7 15. Ng3 Rfd8 16. Be3 g6 17. Rad1
Rc7 18. h3 Rdc8 19. Qe2 Ne8 20. f4 $14 Bh4 21. Bf2 Ng7 22. Nf1 Be7 23. Ng3 (23.
Ne3 $5 {/\ Ng4-h6} f5 24. d5 $36) 23... Bh4 24. Qg4 (24. Nf1 $142 Be7 (24...
Bxf2+ 25. Qxf2 $14) 25. Ne3) 24... Bxg3 25. Qxg3 f5 $5 26. d5 $8 exd5 27. exf5
Nxf5 28. Qg5 Qf7 (28... d4 $5 29. Bxf5 (29. g4 $2 Ne3 30. Bxe3 Qc6 $1 $40)) 29.
Re2 d4 30. Bxf5 Qxf5 31. Qxf5 gxf5 32. Rxd4 Rc1+ 33. Kh2 R1c2 34. Red2 Rxd2 35.
Rxd2 Rd8 36. g4 Be4 37. Kg3 Kf7 38. Bd4 $6 (38. Rd1 $5 Ke6 39. Rc1 Kd7 40. g5 {
/\ h4-h5}) 38... Rg8 39. g5 Kg6 40. h4 Kh5 $8 (40... Rc8 $2 41. h5+) 41. a4 $10
1/2-1/2

[Event "Olympiad-34"]
[Site "Istanbul"]
[Date "2000.11.01"]
[Round "5.2"]
[White "Sepp, Olav"]
[Black "Hracek, Zbynek"]
[Result "0-1"]
[WhiteElo "2439"]
[BlackElo "2612"]
[Annotator "Hracek,Z"]
[PlyCount "130"]
[EventDate "2000.10.28"]
[EventType "team-swiss"]
[EventRounds "14"]
[EventCountry "TUR"]
[SourceTitle "EXT 2001"]
[Source "ChessBase"]
[SourceDate "2000.11.22"]
[SourceVersion "1"]
[SourceVersionDate "2000.11.22"]
[SourceQuality "1"]
[WhiteTeam "Estonia"]
[BlackTeam "Czech Republic"]
[WhiteTeamCountry "EST"]
[BlackTeamCountry "CZE"]

1. e4 c5 2. Nf3 d6 3. c3 Nf6 4. Be2 g6 5. O-O Bg7 6. Bb5+ Nbd7 7. Re1 a6 8. Bf1
O-O 9. d4 cxd4 10. cxd4 e5 11. Nc3 exd4 12. Nxd4 Re8 13. Nc2 Ne5 14. h3 b5 15.
a4 bxa4 16. Rxa4 Bb7 17. Bg5 h6 18. Bh4 Qc7 19. Ne3 Qc5 20. Qd2 Ned7 21. Bg3
Nb6 22. Raa1 Nxe4 23. Nxe4 Rxe4 24. Qxd6 Qxd6 25. Bxd6 a5 26. Ba3 Ba6 27. Bxa6
Rxa6 28. Rac1 Ra8 29. Kf1 Re5 30. Re2 Rb5 31. Rc6 Rd8 32. Rec2 Na4 33. Rc8 Rxc8
34. Rxc8+ Kh7 35. Nc4 Nxb2 36. Bxb2 Bxb2 37. Nxb2 Rxb2 {[%mdl 4096]} 38. Ra8
Rb5 39. h4 h5 40. Ra6 Kg7 41. g3 Kf8 42. Ra7 Ke8 43. Ke2 $6 (43. Kg2 Rf5 44. f3
Kd8 45. g4 $11) 43... Re5+ 44. Kf3 Kd8 $1 45. Kg2 (45. Rxf7 Rf5+ 46. Rxf5 gxf5
47. Ke3 Ke7 48. Kd4 Kd6 49. f3 a4 50. Kc4 Ke5 51. Kb4 f4 $19) 45... Rf5 46. f3
Kc8 47. g4 Kb8 48. Re7 Rf6 49. gxh5 $6 (49. Re5 $1 Ra6 (49... hxg4 50. fxg4 Ra6
(50... a4 51. Ra5 Rf4 52. Kg3 Rd4 53. h5 $11) 51. h5 gxh5 52. gxh5 a4 53. Re1
Kc7 54. Rh1 $11) 50. gxh5 gxh5 51. Rxh5 Kc7 (51... a4 52. Rc5 $1 a3 53. Rc1 a2
54. Ra1 Kc7 55. h5 Kd7 56. h6 $11) 52. Rf5 $1 a4 53. Rxf7+ Kc6 54. Re7 a3 55.
Re1 a2 56. Ra1 Kd5 57. Kg3 Kd4 58. Kg4 Kc3 59. h5 Kb2 60. Rxa2+ Rxa2 61. h6 Kc3
62. Kg5 Kd4 63. h7 Rh2 64. Kg6 Ke5 65. Kg7 $11) 49... gxh5 50. Re5 Rg6+ $1 51.
Kf1 $8 (51. Kf2 Ra6 52. Rxh5 a4 53. Rb5+ (53. Rc5 a3 54. Rc1 a2 55. Ra1 Kc7 56.
h5 Kd7 57. h6 $2 (57. Ke3 Ke7 $19) 57... Rxh6 58. Rxa2 $2 Rh2+) 53... Kc7 54.
Rb2 Kd6 55. Ke3 Ke5 $19 {a dale viz varianta s Kh3}) (51. Kh3 Ra6 52. Rxh5 a4
53. Rb5+ Kc7 54. Rb2 a3 55. Ra2 Kd6 56. Kg4 Ke7 57. Kf5 Kf8 58. Kg5 Kg7 59. f4
Ra5+ 60. Kg4 (60. f5 Ra4 $19) 60... Kg6 61. Kg3 Kf5 62. Kf3 Ra8 63. Kg3 Ra4 64.
h5 (64. Kh3 Kxf4 $19) 64... Kf6 65. Kg4 Ra5 66. Kg3 Kg7 67. Kh4 Kh6 68. Kg4 f6
$19) 51... Ra6 52. Rxh5 Kc7 $1 (52... a4 53. Rc5 $1 a3 54. Rc1 a2 55. Ra1 Kc7
56. h5 Kd7 57. h6) 53. Rd5 $2 (53. Rf5 a4 54. Rxf7+ Kc6 55. Re7 $1 (55. Rf8 $2
a3 56. Rc8+ Kd5 57. Rc1 a2 58. Ra1 Kc4 59. Kf2 Kb3 60. Kg3 Kb2 61. Rxa2+ Rxa2
$1 62. h5 Kc3 63. Kg4 Rh2 64. Kg5 Kd4 65. h6 (65. f4 Kd5 66. f5 Kd6 $19) 65...
Ke5 66. Kg6 Ke6 67. Kg7 Ke7 68. h7 Rg2+ 69. Kh6 (69. Kh8 Kf7 70. f4 Ra2 71. f5
Ra8#) 69... Kf7 $19) 55... a3 56. Re1 a2 57. Ra1 Kd5 58. Kg2 Kc4 59. Kg3 Kb3
60. Kg4 Kb2 61. Rxa2+ Rxa2 62. h5 Kc3 63. Kf5 Rh2 64. Kg6 Kd4 65. h6 Ke5 66. h7
Ke6 67. Kg7 Rg2+ 68. Kf8 $11) 53... a4 $19 54. Rd1 Kc6 55. Ke2 a3 56. h5 Kc5
57. Ke3 a2 58. Ra1 Kc4 59. Kf4 Kb3 60. Kg5 Ra5+ $1 (60... Kb2 $2 61. Rxa2+ Rxa2
62. Kf6 Ra5 63. h6 Ra6+ 64. Kxf7 Rxh6 65. f4 Kc3 66. f5 Kd4 67. Kg7 $11) 61.
Kg4 Kb2 62. Rxa2+ Rxa2 63. h6 Kc3 64. f4 Rh2 65. Kg5 Kd4 0-1

[Event "Match/Team URS-World 20,5-19,5"]
[Site "Belgrade"]
[Date "1970.04.04"]
[Round "4.10"]
[White "Keres, Paul"]
[Black "Ivkov, Borislav"]
[Result "1-0"]
[WhiteElo "2600"]
[BlackElo "2570"]
[Annotator "Keres/Ivkov"]
[PlyCount "73"]
[EventDate "1970.03.29"]
[EventType "team"]
[EventRounds "4"]
[EventCountry "YUG"]
[SourceTitle "MCL"]
[Source "ChessBase"]
[SourceDate "1999.07.01"]
[SourceVersion "1"]
[SourceVersionDate "1999.07.01"]
[SourceQuality "1"]
[WhiteTeam "Soviet Union"]
[BlackTeam "Soviet Union"]
[WhiteTeamCountry "URS"]
[BlackTeamCountry "URS"]
[TimeControl "40/9000:16/5400:0"]

1. e4 c5 2. Nf3 d6 3. Nc3 Bg4 $2 {Keres=:K/Ivkov=:I} 4. h3 $1 {K/I} Bxf3 5.
Qxf3 Nc6 6. g3 $146 {K/I} (6. Bb5 Rc8 7. O-O g6 8. d3 Bg7 9. Bg5 Nf6 10. Nd5
O-O 11. Bxc6 bxc6 12. Nxf6+ exf6 13. Bh4 Rb8 14. b3 Qe7 15. Rae1 Qe6 16. Qd1
Rfe8 17. g4 Qd7 18. f4 d5 19. f5 g5 20. Bg3 Rbd8 21. exd5 cxd5 22. Rxe8+ Rxe8
23. Re1 Rd8 24. Qd2 Bf8 25. Qc3 Kg7 26. Qxf6+ Kxf6 27. Be5+ Ke7 28. Bc7+ Kf6 {
1/2-1/2 (28) Ivkov,B-Pirc,V Zagreb 1949}) 6... g6 7. Bg2 Bg7 8. O-O h5 $2 {
K/??I} (8... Nf6 $142 {K/I}) (8... e6 $142 {I}) 9. d3 h4 10. g4 e5 $2 (10... e6
11. Qd1 {P f4 K} g5 $1 {I}) 11. Nd5 Nce7 (11... Nge7 12. Qd1 {P 12.f4 K}) (
11... Nd4 12. Qd1 Ne6 13. f4 {K/I}) 12. Rb1 $1 {P b4 K/I} Nxd5 13. exd5 a5 $2 {
I} (13... Ne7 14. b4 b6 15. bxc5 bxc5 16. Bg5 f6 {P 0-0 I}) 14. c3 Ne7 15. Qe2
f5 (15... O-O 16. Bg5) 16. f4 fxg4 (16... Qd7 $142 {K}) 17. Qxg4 Qd7 18. fxe5 (
18. Qe6 $1 {K}) 18... Bxe5 (18... Qxg4 $142 19. hxg4 Bxe5 {K}) 19. Bg5 (19. Qe6
$1 {K/I}) 19... Qxg4 20. hxg4 Rh7 21. Be4 Kd7 22. Rf3 Rg8 (22... h3 23. Rbf1
h2+ 24. Kh1 {K}) 23. Rbf1 Ke8 {P f5} 24. Kh1 $3 {K/I} h3 25. Rd1 (25. d4 cxd4
26. cxd4 Bxd4 27. Rd3 $16 {I}) 25... Kd7 26. d4 cxd4 27. cxd4 Bh8 28. Kh2 (28.
Rdf1 Bxd4 29. Rf7 Rgg7 {K}) 28... Rc8 29. Rdf1 Bxd4 (29... Rg8 30. Rf7 Rgg7 31.
Rf8 {P 32. d3, 32. f6}) 30. Rf7 Be5+ 31. Kh1 Rxf7 32. Rxf7 Rc4 (32... Re8 33.
Bd3 $18 {K}) 33. Bxg6 Rd4 34. Rxe7+ Kc8 35. Bf5+ Kb8 36. Re8+ Ka7 (36... Kc7
37. Bd8+ Kb8 38. Bb6# {K}) 37. Be3 1-0

[Event "Sufe Cup"]
[Site "Shanghai"]
[Date "2000.03.13"]
[Round "11"]
[White "Ye, Jiangchuan"]
[Black "Wang, Pin"]
[Result "1-0"]
[WhiteElo "2616"]
[BlackElo "2469"]
[Annotator "King,D"]
[PlyCount "65"]
[EventDate "2000.03.03"]
[EventType "tourn"]
[EventRounds "13"]
[EventCountry "CHN"]
[EventCategory "13"]
[SourceTitle "CBM 076"]
[Source "ChessBase"]
[SourceDate "2000.05.31"]
[SourceVersion "1"]
[SourceVersionDate "2000.05.31"]
[SourceQuality "1"]

1. e4 c5 2. Nf3 d6 3. c3 Nf6 4. Be2 g6 5. O-O Bg7 6. Bb5+ Bd7 7. Bxd7+ Qxd7 8.
Re1 Nc6 9. d4 cxd4 10. cxd4 d5 11. e5 Ne4 12. Nc3 Nxc3 13. bxc3 O-O 14. h4 h5
15. Qd3 Nd8 16. Bd2 Rc8 17. Reb1 Rc7 18. a4 Ne6 19. Rb5 Rfc8 20. Qb1 Nd8 21.
Ne1 Kh7 22. Nd3 Bh6 23. Bxh6 Kxh6 24. Qa2 Rc4 25. e6 $1 {After this White's
pieces just romp into Black's position.} Qxe6 26. Nf4 Qe4 27. Qd2 Kh7 28. Re1
Qf5 29. Nxd5 Qg4 30. Rxe7 R4c6 31. Rbxb7 Nxb7 32. Rxf7+ Kg8 33. Rxb7 1-0

[Event "Veterans-Women"]
[Site "Copenhagen"]
[Date "1997.??.??"]
[Round "1"]
[White "Smyslov, Vassily V"]
[Black "Ioseliani, Nana"]
[Result "1-0"]
[WhiteElo "2480"]
[BlackElo "2520"]
[Annotator "King,D"]
[PlyCount "101"]
[EventDate "1997.07.23"]
[EventType "schev"]
[EventRounds "10"]
[EventCountry "DEN"]
[SourceTitle "CBM 061"]
[Source "ChessBase"]
[SourceDate "1997.11.23"]
[SourceVersion "1"]
[SourceVersionDate "1997.11.23"]
[SourceQuality "1"]

1. e4 c5 2. Nf3 e6 3. b3 Nc6 4. Bb2 d6 5. Bb5 Bd7 6. O-O Nf6 7. Re1 Be7 8. Bf1
(8. d4 cxd4 9. Nxd4 O-O 10. Nc3 Rc8 11. Bxc6 Bxc6 12. Nxc6 Rxc6 13. Nb5 a6 14.
Nd4 Rc5 15. c4 Qb6 16. Qf3 Nd7 17. Qh3 Bf6 18. Rad1 Re8 19. Bc3 Rcc8 20. Qe3
Qc7 21. Qd2 b5 22. Ba5 Qb7 {Ambroz,J-Tal,M/Riga 1981/MCD-r8/0-1 (40)}) (8. Na3
O-O 9. e5 Nxe5 10. Nxe5 dxe5 11. Bxe5 Bxb5 12. Nxb5 a6 13. Nc3 Bd6 14. Bxd6
Qxd6 15. d3 Qc6 {1/2-1/2 Hellmayr,A-Vovsha,E/Linz op 1997/EXP 58}) 8... O-O 9.
c4 (9. c3 Rc8 10. d4 cxd4 11. cxd4 d5 12. e5 Ne4 13. a3 Qb6 14. Bd3 Na5 15.
Bxe4 dxe4 16. Nfd2 Bc6 17. b4 Bd5 18. Nc3 Nc4 19. Nxc4 Rxc4 20. Nxe4 a5 21. Qg4
Bxe4 22. Qxe4 axb4 23. axb4 Rxb4 24. Bc3 Rb5 25. Bd2 Bb4 26. Bxb4 Rxb4 27. Rab1
Rd8 28. Rxb4 Qxb4 29. Rd1 Qa4 30. Qd3 h6 31. h4 b5 32. g3 {1/2-1/2 Fichtl,
J-Jansa,V/CSR-ch Brno 1964/MCD-ch}) (9. d3 Ne8 10. Nbd2 e5 11. c3 f5 12. d4
fxe4 13. Nxe4 Bg4 14. Be2 cxd4 15. cxd4 d5 16. Ng3 Bxf3 17. Bxf3 e4 18. Bg4 Bd6
19. a3 Nf6 20. Bh3 Qc7 21. Bc1 Nxd4 22. Bb2 Nc6 23. Bxf6 Rxf6 {Buecker,
S-Schmittdiel,E/BL2-W 1988/BL2/1/2-1/2 (77)}) 9... e5 10. d3 a6 11. Nc3 Nd4 12.
Nxd4 cxd4 13. Ne2 b5 14. Ng3 g6 15. Bc1 Re8 16. h3 a5 17. f4 a4 18. b4 exf4 19.
Bxf4 Bc6 20. a3 Nd7 21. Qf3 Ne5 22. Qf2 Bf6 23. Rad1 Rc8 24. Ne2 bxc4 25. Nxd4
cxd3 26. Nxc6 Rxc6 27. Bxd3 Bh4 28. g3 Nxd3 29. Rxd3 Bf6 30. b5 Rc3 31. Rxd6
Qe7 32. Ra6 Rc4 33. Bd6 Bd4 34. Bxe7 Bxf2+ 35. Kxf2 Rxe7 36. b6 Rb7 37. Rb1 Kg7
38. Ra7 Rb8 39. e5 {[%csl Rf7][%cal Ra7f7,Re5e6]} Rc2+ (39... Re4 40. Rb5 {
followed by b7 and Ra8.}) 40. Ke3 Rc3+ 41. Kd4 Rb3 42. Rf1 Rf8 43. e6 Rxb6 44.
Rfxf7+ Rxf7 45. Rxf7+ Kg8 46. Rf6 $1 Rb7 (46... Kg7 47. e7 $1 Rb8 48. Rf8 Rxf8
49. exf8=Q+ Kxf8 50. Kc5 Kf7 51. Kb5 Kf6 52. Kxa4 Kf5 53. Kb5 Ke4 54. a4 {
wins for White.}) 47. Kc5 g5 48. g4 Ra7 49. Rf5 h6 50. Kd6 Ra6+ 51. Ke5 {
With f7 gone the e-pawn proves decisive. Black's king has no cover.} 1-0

[Event "Budapest FS06 GM"]
[Site "Budapest"]
[Date "1995.??.??"]
[Round "10"]
[White "Enders, Peter"]
[Black "Csom, Istvan"]
[Result "1/2-1/2"]
[WhiteElo "2480"]
[BlackElo "2455"]
[Annotator "King,D"]
[PlyCount "87"]
[EventDate "1995.06.??"]
[EventType "tourn"]
[EventRounds "11"]
[EventCountry "HUN"]
[EventCategory "9"]
[SourceTitle "CBM 049"]
[Source "ChessBase"]
[SourceDate "1995.12.01"]
[SourceVersion "1"]
[SourceVersionDate "1995.12.01"]
[SourceQuality "1"]

1. e4 c5 2. Nf3 a6 3. Nc3 d6 4. d4 Nd7 5. a4 cxd4 6. Nxd4 Ngf6 7. g3 b6 8. Bg2
Bb7 9. O-O e6 10. f4 Qc7 11. f5 e5 12. Ne6 fxe6 13. fxe6 Nc5 14. Nd5 Bxd5 15.
exd5 Be7 16. Qe2 O-O 17. g4 e4 18. Rd1 h6 19. b4 Nxe6 20. dxe6 d5 21. Bb2 Bxb4
22. Bxf6 Rxf6 23. Rxd5 Rxe6 24. Rad1 {Although Black is a pawn up it is
difficult to keep control of this position. Normally, exchanges would help to
bring the victory closer, but that would only lead to a drawish ending because
of the opposite coloured bishops.  On the other hand, White is able to weaken
the king and finds counterplay.} Rae8 25. Kh1 Kh8 26. g5 e3 27. Rd7 Qf4 28. Bd5
R6e7 29. Rxe7 Bxe7 30. gxh6 gxh6 31. Rf1 Qe5 32. c4 Bf6 33. Qg4 Bg7 34. Bc6 Rd8
35. Be4 Qg5 36. Qf3 e2 37. Qxe2 Rd2 38. Qf3 Qh4 39. Qf4 Qxf4 40. Rxf4 Rd4 41.
Kg2 Rxc4 42. Kf3 Rxa4 43. Rf7 b5 44. Ra7 1/2-1/2